Porovnanie kandidátov na vstup do EÚ

Podľa Eurostatu sú medzi ekonomikami uchádzačov obrovské rozdiely. Porovnanie HDP členských štátov EÚ a asociovaných krajín strednej a východnej Európy. Odlišnosti medzi regiónmi.

Salvato in:
Dettagli Bibliografici
Autore principale: Zukal, Jiří
Natura: Capitolo di libro
Lingua:slovacco
Soggetti:
Tags: Aggiungi Tag
Nessun Tag, puoi essere il primo ad aggiungerne!!

MARC

LEADER 00000naa a2200000 4500
001 r037792
005 20230927090842.7
041 0 |a slo 
044 |a SK 
245 1 0 |a Porovnanie kandidátov na vstup do EÚ  |c Jiří Zukal 
520 |a Podľa Eurostatu sú medzi ekonomikami uchádzačov obrovské rozdiely. Porovnanie HDP členských štátov EÚ a asociovaných krajín strednej a východnej Európy. Odlišnosti medzi regiónmi. 
610 2 0 |a Európska únia 
610 2 0 |a porovnanie medzinárodné 
610 2 0 |a ukazovatele makroekonomické 
610 2 0 |a produkt domáci hrubý 
610 2 0 |a SVE 
610 2 0 |a krajiny vyspelé 
100 1 |a Zukal, Jiří